000 00271nam a22000857a 4500
008 160629b xxu||||| |||| 00| 0 eng d
100 _91299
_a Tayal, B.B., et al
245 _aIndian Civilization World History & Civics - X
260 _aNew Delhi
_bAvichal Publications
_cNew Delhi
999 _c1064
_d1064